[Event "WCO 2016"]
[Site "?"]
[Date "2016.09.11"]
[Round "9"]
[Board "21"]
[WhiteID "3801497"]
[White "Cordova Emilio"]
[BlackID "2806851"]
[Black "Rodshtein Maxim"]
[Result "1-0"]
[BlackElo "2687"]
[WhiteElo "2638"]
[LiveChessVersion "1.4.8"]

1. Nf3 {[%clk 1:30:52]} c5 {[%clk 1:30:32]} 2. c4 {[%clk 1:30:49]} Nc6
{[%clk 1:30:43]} 3. d4 {[%clk 1:27:26]} cxd4 {[%clk 1:30:57]} 4. Nxd4
{[%clk 1:27:50]} Nf6 {[%clk 1:31:09]} 5. Nc3 {[%clk 1:27:56]} e6 {[%clk 1:30:38]}
6. Bg5 {[%clk 1:25:42]} Bb4 {[%clk 1:23:59]} 7. Rc1 {[%clk 1:20:25]} h6
{[%clk 1:11:28]} 8. Bh4 {[%clk 1:15:13]} g5 {[%clk 1:02:06]} 9. Bg3
{[%clk 1:15:38]} Ne4 {[%clk 1:02:23]} 10. e3 {[%clk 1:04:08]} d5 {[%clk 0:46:13]}
11. Be2 {[%clk 0:40:08]} O-O {[%clk 0:41:01]} 12. O-O {[%clk 0:39:52]} Bxc3
{[%clk 0:29:28]} 13. bxc3 {[%clk 0:40:16]} dxc4 {[%clk 0:19:55]} 14. Bxc4
{[%clk 0:33:42]} Bd7 {[%clk 0:19:07]} 15. Bd3 {[%clk 0:32:23]} Nxg3
{[%clk 0:19:18]} 16. hxg3 {[%clk 0:32:36]} e5 {[%clk 0:14:57]} 17. Qh5
{[%clk 0:19:11]} Qf6 {[%clk 0:13:23]} 18. Nb3 {[%clk 0:16:02]} Rad8
{[%clk 0:11:02]} 19. Bb1 {[%clk 0:14:00]} b6 {[%clk 0:10:03]} 20. f4
{[%clk 0:08:39]} Qg7 {[%clk 0:06:39]} 21. f5 {[%clk 0:06:06]} f6 {[%clk 0:07:03]}
22. Be4 {[%clk 0:06:28]} Ne7 {[%clk 0:06:11]} 23. Qe2 {[%clk 0:06:06]} Qf7
{[%clk 0:05:20]} 24. c4 {[%clk 0:06:26]} Ba4 {[%clk 0:03:55]} 25. c5
{[%clk 0:05:58]} Bxb3 {[%clk 0:03:46]} 26. axb3 {[%clk 0:06:24]} bxc5
{[%clk 0:04:12]} 27. Rxc5 {[%clk 0:06:27]} Qxb3 {[%clk 0:04:18]} 28. Rc7
{[%clk 0:04:45]} Rf7 {[%clk 0:03:26]} 29. Rb1 {[%clk 0:04:13]} Qa4
{[%clk 0:03:27]} 30. Bc2 {[%clk 0:03:51]} Qa5 {[%clk 0:01:54]} 31. Rbb7
{[%clk 0:04:11]} Rd2 {[%clk 0:01:12]} 32. Qc4 {[%clk 0:03:11]} Nd5
{[%clk 0:00:34]} 33. Rc8+ {[%clk 0:01:23]} Kg7 {[%clk 0:00:42]} 34. Rxf7+
{[%clk 0:01:43]} Kxf7 {[%clk 0:01:07]} 35. Be4 {[%clk 0:01:43]} Ke7
{[%clk 0:00:35]} 36. Qc6 {[%clk 0:01:47]} Rd1+ {[%clk 0:00:32]} 37. Kh2
{[%clk 0:02:13]} 1-0

[Event "WCO 2016"]
[Site "?"]
[Date "2016.09.11"]
[Round "9"]
[Board "22"]
[WhiteID "2804344"]
[White "Postny Evgeny"]
[BlackID "3802272"]
[Black "Cori Jorge"]
[Result "0-1"]
[BlackElo "2609"]
[WhiteElo "2619"]
[LiveChessVersion "1.4.8"]

1. d4 {[%clk 1:30:56]} Nf6 {[%clk 1:30:55]} 2. c4 {[%clk 1:31:22]} e6
{[%clk 1:31:06]} 3. Nf3 {[%clk 1:31:47]} b6 {[%clk 1:31:16]} 4. g3
{[%clk 1:32:12]} Bb7 {[%clk 1:31:43]} 5. Bg2 {[%clk 1:32:37]} Bb4+
{[%clk 1:32:06]} 6. Bd2 {[%clk 1:32:52]} Bxd2+ {[%clk 1:32:12]} 7. Qxd2
{[%clk 1:33:16]} O-O {[%clk 1:32:35]} 8. Nc3 {[%clk 1:32:54]} d6 {[%clk 1:32:51]}
9. O-O {[%clk 1:30:49]} Nbd7 {[%clk 1:32:14]} 10. Qc2 {[%clk 1:28:04]} a6
{[%clk 1:18:34]} 11. Rfe1 {[%clk 1:22:54]} Qb8 {[%clk 1:07:15]} 12. e4
{[%clk 1:12:50]} e5 {[%clk 1:07:23]} 13. Nd5 {[%clk 1:05:40]} Re8
{[%clk 1:03:30]} 14. Rad1 {[%clk 1:05:12]} Bc6 {[%clk 0:43:49]} 15. Qc3
{[%clk 1:01:09]} Qb7 {[%clk 0:35:34]} 16. Nh4 {[%clk 0:50:22]} b5
{[%clk 0:19:11]} 17. dxe5 {[%clk 0:23:06]} Rxe5 {[%clk 0:15:07]} 18. Nf3
{[%clk 0:17:07]} Ree8 {[%clk 0:15:07]} 19. Nd4 {[%clk 0:17:16]} b4
{[%clk 0:11:41]} 20. Qc2 {[%clk 0:12:32]} Bxd5 {[%clk 0:12:00]} 21. cxd5
{[%clk 0:12:56]} Qb6 {[%clk 0:12:26]} 22. Qc6 {[%clk 0:10:21]} Qa7
{[%clk 0:11:29]} 23. Qc4 {[%clk 0:10:34]} a5 {[%clk 0:10:05]} 24. Nc6
{[%clk 0:10:45]} Qc5 {[%clk 0:06:52]} 25. Qd4 {[%clk 0:07:28]} Qxd4
{[%clk 0:04:41]} 26. Rxd4 {[%clk 0:07:48]} Nc5 {[%clk 0:04:29]} 27. f3
{[%clk 0:04:18]} Nfd7 {[%clk 0:03:26]} 28. Rc1 {[%clk 0:02:23]} f5
{[%clk 0:02:01]} 29. exf5 {[%clk 0:01:59]} Re2 {[%clk 0:02:26]} 30. Rb1
{[%clk 0:02:14]} Rc2 {[%clk 0:00:34]} 31. Bf1 {[%clk 0:01:25]} Re8
{[%clk 0:00:58]} 32. f4 {[%clk 0:00:37]} Nf6 {[%clk 0:00:43]} 33. Nxa5
{[%clk 0:00:40]} Ng4 {[%clk 0:00:57]} 34. Bg2 {[%clk 0:00:31]} h5
{[%clk 0:00:34]} 35. Rxb4 {[%clk 0:00:31]} Ree2 {[%clk 0:00:32]} 36. Bf1
{[%clk 0:00:46]} Rxh2 {[%clk 0:00:33]} 37. Rb8+ {[%clk 0:00:34]} Kf7
{[%clk 0:00:34]} 38. Nc6 0-1

[Event "WCO 2016"]
[Site "?"]
[Date "2016.09.11"]
[Round "9"]
[Board "23"]
[WhiteID "3804623"]
[White "Vera Siguenas Deivy"]
[BlackID "2809052"]
[Black "Nabaty Tamir"]
[Result "1/2-1/2"]
[BlackElo "2630"]
[WhiteElo "2499"]
[LiveChessVersion "1.4.8"]

1. e4 {[%clk 1:30:57]} c6 {[%clk 1:30:56]} 2. d4 {[%clk 1:31:23]} d5
{[%clk 1:31:21]} 3. Nc3 {[%clk 1:31:50]} dxe4 {[%clk 1:31:46]} 4. Nxe4
{[%clk 1:32:17]} Bf5 {[%clk 1:32:08]} 5. Ng3 {[%clk 1:32:42]} Bg6
{[%clk 1:32:33]} 6. h4 {[%clk 1:33:08]} h6 {[%clk 1:32:51]} 7. Nf3
{[%clk 1:33:35]} Nd7 {[%clk 1:33:05]} 8. h5 {[%clk 1:33:57]} Bh7 {[%clk 1:33:30]}
9. Bd3 {[%clk 1:34:23]} Bxd3 {[%clk 1:33:49]} 10. Qxd3 {[%clk 1:34:49]} e6
{[%clk 1:34:09]} 11. Bf4 {[%clk 1:34:17]} Qa5+ {[%clk 1:34:17]} 12. Bd2
{[%clk 1:34:38]} Bb4 {[%clk 1:34:18]} 13. c3 {[%clk 1:35:01]} Be7
{[%clk 1:34:38]} 14. c4 {[%clk 1:35:23]} Qc7 {[%clk 1:34:47]} 15. d5
{[%clk 1:27:15]} cxd5 {[%clk 1:33:13]} 16. cxd5 {[%clk 1:27:40]} Qd6
{[%clk 1:33:38]} 17. Qb3 {[%clk 1:28:05]} Ngf6 {[%clk 1:33:50]} 18. dxe6
{[%clk 1:28:32]} Qxe6+ {[%clk 1:34:09]} 19. Qxe6 {[%clk 1:28:56]} fxe6
{[%clk 1:34:34]} 20. Bc3 {[%clk 1:28:34]} Kf7 {[%clk 1:33:39]} 21. Rd1
{[%clk 1:27:21]} Rhd8 {[%clk 1:28:55]} 22. O-O {[%clk 1:26:49]} Nd5
{[%clk 1:28:01]} 23. Bd4 {[%clk 1:23:09]} Rac8 {[%clk 1:20:55]} 24. Ne4
{[%clk 1:21:39]} N7f6 {[%clk 1:08:17]} 25. Ne5+ {[%clk 0:52:52]} Ke8
{[%clk 1:08:40]} 26. Nxf6+ {[%clk 0:26:37]} Bxf6 {[%clk 1:07:20]} 27. Ng4
{[%clk 0:26:28]} Bxd4 {[%clk 1:01:00]} 28. Rxd4 {[%clk 0:26:55]} Rc2
{[%clk 1:01:23]} 29. Re1 {[%clk 0:26:54]} Nc7 {[%clk 0:56:24]} 30. Rb4
{[%clk 0:26:33]} b5 {[%clk 0:56:47]} 31. Ne3 {[%clk 0:26:54]} Rc5
{[%clk 0:56:58]} 32. g4 {[%clk 0:13:26]} Kf7 {[%clk 0:34:45]} 33. a4
{[%clk 0:12:11]} Rd2 {[%clk 0:33:00]} 34. Rf4+ {[%clk 0:12:18]} Kg8
{[%clk 0:33:23]} 35. b4 {[%clk 0:12:41]} Rc6 {[%clk 0:32:45]} 36. axb5
{[%clk 0:09:53]} Nxb5 {[%clk 0:33:06]} 37. Kg2 {[%clk 0:09:14]} Nc7
{[%clk 0:28:37]} 38. Kg3 {[%clk 0:04:32]} Rd3 {[%clk 0:24:39]} 39. Kg2
{[%clk 0:04:37]} Nd5 {[%clk 0:17:57]} 40. Nxd5 {[%clk 0:34:25]} Rxd5
{[%clk 0:48:25]} 41. Re3 {[%clk 0:31:11]} e5 {[%clk 0:47:09]} 42. Rfe4
{[%clk 0:29:41]} Rb6 {[%clk 0:43:57]} 43. Rc4 {[%clk 0:25:44]} Rd4
{[%clk 0:39:39]} 1/2-1/2

[Event "WCO 2016"]
[Site "?"]
[Date "2016.09.11"]
[Round "9"]
[Board "24"]
[WhiteID "2804158"]
[White "Roiz Michael"]
[BlackID "3802299"]
[Black "Fernandez Fernando"]
[Result "1-0"]
[BlackElo "2410"]
[WhiteElo "2605"]
[LiveChessVersion "1.4.8"]

1. Nf3 {[%clk 1:30:54]} c5 {[%clk 1:30:55]} 2. c4 {[%clk 1:31:14]} Nc6
{[%clk 1:31:14]} 3. d4 {[%clk 1:31:34]} cxd4 {[%clk 1:31:32]} 4. Nxd4
{[%clk 1:31:59]} Nf6 {[%clk 1:31:20]} 5. Nc3 {[%clk 1:32:12]} e6 {[%clk 1:31:19]}
6. Bg5 {[%clk 1:31:49]} Bc5 {[%clk 1:00:26]} 7. e3 {[%clk 1:29:58]} Qb6
{[%clk 0:45:27]} 8. Nb3 {[%clk 1:16:39]} Bb4 {[%clk 0:45:32]} 9. Bxf6
{[%clk 1:12:10]} gxf6 {[%clk 0:45:59]} 10. Rc1 {[%clk 1:11:13]} Na5
{[%clk 0:37:36]} 11. c5 {[%clk 0:53:29]} Bxc5 {[%clk 0:30:23]} 12. Nxc5
{[%clk 0:53:10]} Qxc5 {[%clk 0:30:50]} 13. Qd2 {[%clk 0:43:52]} Nc4
{[%clk 0:14:39]} 14. Bxc4 {[%clk 0:43:35]} Qxc4 {[%clk 0:15:06]} 15. b3
{[%clk 0:38:23]} Qg4 {[%clk 0:12:32]} 16. f3 {[%clk 0:23:29]} Qh4+
{[%clk 0:11:16]} 17. g3 {[%clk 0:23:55]} Qb4 {[%clk 0:06:17]} 18. a3
{[%clk 0:21:07]} Qb6 {[%clk 0:04:56]} 19. Ne4 {[%clk 0:19:19]} d5
{[%clk 0:05:22]} 20. Nxf6+ {[%clk 0:19:26]} Ke7 {[%clk 0:05:48]} 21. Ng4
{[%clk 0:14:48]} f6 {[%clk 0:06:15]} 22. O-O {[%clk 0:10:00]} Bd7
{[%clk 0:05:45]} 23. Rc3 {[%clk 0:09:21]} Rac8 {[%clk 0:04:11]} 24. Rfc1
{[%clk 0:09:35]} h5 {[%clk 0:04:28]} 25. Nf2 {[%clk 0:09:38]} Rxc3
{[%clk 0:03:05]} 26. Rxc3 {[%clk 0:10:06]} Bc6 {[%clk 0:03:11]} 27. b4
{[%clk 0:07:44]} a5 {[%clk 0:02:45]} 28. bxa5 {[%clk 0:03:18]} Qxa5
{[%clk 0:03:05]} 29. Nd3 {[%clk 0:03:41]} h4 {[%clk 0:01:10]} 30. Nb4
{[%clk 0:02:41]} Qb6 {[%clk 0:01:01]} 31. g4 {[%clk 0:02:30]} Kf7
{[%clk 0:01:10]} 32. Kf2 {[%clk 0:01:27]} Bb5 {[%clk 0:01:10]} 33. Qd4
{[%clk 0:01:06]} Qd6 {[%clk 0:00:43]} 34. f4 {[%clk 0:01:26]} Ra8
{[%clk 0:00:40]} 35. Ke1 {[%clk 0:00:48]} Kg6 {[%clk 0:00:41]} 36. f5+
{[%clk 0:00:45]} exf5 {[%clk 0:00:34]} 37. Nxd5 {[%clk 0:01:03]} Kg5
{[%clk 0:00:34]} 38. Nc7 {[%clk 0:00:34]} Qxh2 {[%clk 0:00:43]} 39. Ne6+
{[%clk 0:00:35]} Kg6 {[%clk 0:01:04]} 40. Nf4+ {[%clk 0:30:49]} Kg5
{[%clk 0:31:12]} 41. Ne6+ {[%clk 0:30:27]} Kg6 {[%clk 0:31:35]} 42. gxf5+
{[%clk 0:09:53]} Kxf5 {[%clk 0:19:57]} 43. Qd5+ {[%clk 0:10:04]} Qe5
{[%clk 0:16:57]} 44. Nd4+ {[%clk 0:10:19]} Kg6 {[%clk 0:16:45]} 45. Qxb5
{[%clk 0:09:16]} h3 {[%clk 0:08:48]} 46. Qxe5 {[%clk 0:08:45]} fxe5
{[%clk 0:09:16]} 47. Ne2 {[%clk 0:08:12]} h2 {[%clk 0:05:31]} 48. Ng3
{[%clk 0:08:39]} Rh8 {[%clk 0:05:43]} 49. Nh1 {[%clk 0:09:00]} Kf5
{[%clk 0:05:43]} 50. Rc2 {[%clk 0:03:14]} b5 {[%clk 0:02:16]} 51. Rb2
{[%clk 0:01:49]} Kg4 {[%clk 0:01:11]} 52. Rg2+ {[%clk 0:01:39]} Kf3
{[%clk 0:01:03]} 53. Rg3+ {[%clk 0:02:05]} Ke4 {[%clk 0:01:28]} 54. Ke2
{[%clk 0:01:09]} Kd5 {[%clk 0:01:07]} 55. Kf3 {[%clk 0:00:44]} Ra8
{[%clk 0:00:34]} 56. Rh3 {[%clk 0:00:51]} Rxa3 {[%clk 0:00:37]} 57. Rxh2
{[%clk 0:01:18]} b4 {[%clk 0:00:38]} 58. Ng3 {[%clk 0:01:40]} b3 {[%clk 0:00:39]}
59. Ne4 {[%clk 0:01:10]} Kc4 {[%clk 0:00:49]} 60. Rh8 {[%clk 0:00:52]} Kd3
{[%clk 0:00:36]} 61. Rd8+ {[%clk 0:00:50]} Kc2 {[%clk 0:01:01]} 62. Rc8+
{[%clk 0:01:17]} Kb2 {[%clk 0:00:47]} 63. Nd2 {[%clk 0:01:28]} Ra1
{[%clk 0:00:33]} 64. Rb8 {[%clk 0:01:32]} Kc3 {[%clk 0:00:32]} 65. Nxb3
{[%clk 0:01:54]} Rb1 {[%clk 0:00:32]} 66. Rc8+ {[%clk 0:01:34]} 1-0

[Event "WCO 2016"]
[Site "?"]
[Date "2016.09.11"]
[Round "9"]
[Board "25"]
[WhiteID "7200595"]
[White "Ziska Helgi Dam"]
[BlackID "8601429"]
[Black "Wang Yue"]
[Result "0-1"]
[BlackElo "2737"]
[WhiteElo "2546"]
[LiveChessVersion "1.4.8"]

1. e4 {[%clk 1:30:53]} c5 {[%clk 1:30:57]} 2. Nf3 {[%clk 1:30:57]} Nc6
{[%clk 1:31:23]} 3. Bb5 {[%clk 1:30:57]} g6 {[%clk 1:31:46]} 4. Bxc6
{[%clk 1:30:53]} bxc6 {[%clk 1:32:04]} 5. O-O {[%clk 1:30:22]} Bg7
{[%clk 1:32:27]} 6. Re1 {[%clk 1:29:43]} Nf6 {[%clk 1:32:37]} 7. e5
{[%clk 1:24:28]} Nd5 {[%clk 1:32:51]} 8. c4 {[%clk 1:23:22]} Nc7 {[%clk 1:33:16]}
9. b3 {[%clk 1:23:18]} d5 {[%clk 1:20:31]} 10. cxd5 {[%clk 1:08:09]} Nxd5
{[%clk 1:15:20]} 11. d4 {[%clk 1:03:55]} Bg4 {[%clk 1:10:25]} 12. dxc5
{[%clk 0:54:07]} Nb4 {[%clk 1:08:44]} 13. Qe2 {[%clk 0:52:00]} Qd3
{[%clk 1:02:38]} 14. Ba3 {[%clk 0:50:52]} Bxf3 {[%clk 0:56:10]} 15. gxf3
{[%clk 0:51:15]} Qxe2 {[%clk 0:56:37]} 16. Rxe2 {[%clk 0:51:27]} Nd3
{[%clk 0:57:01]} 17. Nd2 {[%clk 0:50:30]} Bxe5 {[%clk 0:54:57]} 18. Rd1
{[%clk 0:49:14]} O-O-O {[%clk 0:52:12]} 19. Nc4 {[%clk 0:47:24]} Nf4
{[%clk 0:51:46]} 20. Red2 {[%clk 0:39:36]} Rxd2 {[%clk 0:50:27]} 21. Rxd2
{[%clk 0:39:58]} Bc7 {[%clk 0:46:26]} 22. Bc1 {[%clk 0:28:00]} h5
{[%clk 0:45:24]} 23. Kf1 {[%clk 0:25:51]} h4 {[%clk 0:43:08]} 24. Rd1
{[%clk 0:25:55]} Ne6 {[%clk 0:27:29]} 25. h3 {[%clk 0:26:19]} Nxc5
{[%clk 0:27:54]} 26. Ba3 {[%clk 0:19:11]} Rh5 {[%clk 0:25:43]} 27. Ne3
{[%clk 0:17:25]} Bd6 {[%clk 0:21:49]} 28. Nc4 {[%clk 0:16:58]} Bf4
{[%clk 0:19:13]} 29. Bb4 {[%clk 0:15:04]} Bc7 {[%clk 0:18:00]} 30. Ne3
{[%clk 0:10:23]} e6 {[%clk 0:15:33]} 31. Rd4 {[%clk 0:10:28]} Nd7
{[%clk 0:13:28]} 32. Be7 {[%clk 0:10:38]} Ra5 {[%clk 0:11:12]} 33. Rxh4
{[%clk 0:09:20]} Rxa2 {[%clk 0:11:27]} 34. Rh8+ {[%clk 0:09:37]} Kb7
{[%clk 0:11:50]} 35. Rh7 {[%clk 0:09:47]} Ne5 {[%clk 0:09:12]} 36. Ng4
{[%clk 0:05:03]} Kb6 {[%clk 0:06:18]} 37. b4 {[%clk 0:03:36]} Kb5
{[%clk 0:06:15]} 38. Nxe5 {[%clk 0:02:03]} Bxe5 {[%clk 0:06:43]} 39. Rxf7
{[%clk 0:02:24]} Bd4 {[%clk 0:06:58]} 40. Bc5 {[%clk 0:30:55]} Rxf2+
{[%clk 0:31:05]} 41. Ke1 {[%clk 0:28:04]} Bxc5 {[%clk 0:30:06]} 42. bxc5
{[%clk 0:28:29]} Ra2 {[%clk 0:18:03]} 43. Re7 {[%clk 0:25:56]} a5
{[%clk 0:17:57]} 44. Rxe6 {[%clk 0:25:43]} a4 {[%clk 0:18:23]} 45. Kd1
{[%clk 0:25:53]} Rg2 {[%clk 0:12:33]} 46. Kc1 {[%clk 0:26:14]} Kxc5
{[%clk 0:12:43]} 47. Re4 {[%clk 0:22:25]} a3 {[%clk 0:11:14]} 48. Kb1
{[%clk 0:22:26]} Kb5 {[%clk 0:11:33]} 49. h4 {[%clk 0:21:20]} c5 {[%clk 0:11:06]}
50. Rg4 {[%clk 0:21:22]} Rb2+ {[%clk 0:09:15]} 51. Ka1 {[%clk 0:21:43]} c4
{[%clk 0:09:42]} 52. Rxg6 {[%clk 0:19:45]} c3 {[%clk 0:10:03]} 53. Rg1
{[%clk 0:17:46]} Kc4 {[%clk 0:09:06]} 54. h5 {[%clk 0:17:01]} Kb3
{[%clk 0:08:58]} 0-1

[Event "WCO 2016"]
[Site "?"]
[Date "2016.09.11"]
[Round "9"]
[Board "27"]
[WhiteID "7200110"]
[White "Andreasen Joan Hendrik"]
[BlackID "8603820"]
[Black "Yu Yangyi"]
[Result "0-1"]
[BlackElo "2725"]
[WhiteElo "2239"]
[LiveChessVersion "1.4.8"]

1. d4 {[%clk 1:30:57]} Nf6 {[%clk 1:30:53]} 2. c4 {[%clk 1:30:57]} e6
{[%clk 1:31:17]} 3. Nc3 {[%clk 1:30:53]} Bb4 {[%clk 1:31:39]} 4. g3
{[%clk 1:30:47]} d5 {[%clk 1:31:41]} 5. Bg2 {[%clk 1:29:56]} O-O {[%clk 1:30:26]}
6. cxd5 {[%clk 1:28:52]} exd5 {[%clk 1:30:43]} 7. Nf3 {[%clk 1:28:09]} c6
{[%clk 1:31:02]} 8. O-O {[%clk 1:27:45]} Re8 {[%clk 1:30:45]} 9. a3
{[%clk 1:24:26]} Bxc3 {[%clk 1:26:04]} 10. bxc3 {[%clk 1:24:49]} Ne4
{[%clk 1:26:28]} 11. Qb3 {[%clk 1:14:39]} Qb6 {[%clk 1:26:28]} 12. Qc2
{[%clk 1:01:44]} Qa6 {[%clk 1:26:00]} 13. Re1 {[%clk 0:56:29]} Nd7
{[%clk 1:24:45]} 14. Bf4 {[%clk 0:46:17]} Nb6 {[%clk 1:19:13]} 15. Ng5
{[%clk 0:38:30]} Bf5 {[%clk 1:18:20]} 16. Nxe4 {[%clk 0:32:52]} Bxe4
{[%clk 1:18:44]} 17. Bxe4 {[%clk 0:33:06]} Rxe4 {[%clk 1:18:12]} 18. f3
{[%clk 0:32:23]} Re6 {[%clk 1:16:17]} 19. e4 {[%clk 0:29:56]} dxe4
{[%clk 1:16:36]} 20. fxe4 {[%clk 0:30:00]} Rae8 {[%clk 1:16:55]} 21. Kf2
{[%clk 0:27:52]} Qc4 {[%clk 1:10:48]} 22. Rab1 {[%clk 0:26:41]} h6
{[%clk 1:10:13]} 23. Rb4 {[%clk 0:25:16]} Qa6 {[%clk 1:10:37]} 24. a4
{[%clk 0:24:10]} g5 {[%clk 1:04:00]} 25. Bd2 {[%clk 0:24:03]} c5 {[%clk 1:04:05]}
26. dxc5 {[%clk 0:21:36]} Nd7 {[%clk 1:04:24]} 27. Rd4 {[%clk 0:16:07]} Nxc5
{[%clk 1:03:58]} 28. Kg1 {[%clk 0:14:39]} Qc6 {[%clk 1:04:02]} 29. Rc4
{[%clk 0:14:04]} Rxe4 {[%clk 1:01:39]} 30. Rexe4 {[%clk 0:13:00]} Rxe4
{[%clk 1:02:04]} 31. Rxe4 {[%clk 0:12:39]} Qxe4 {[%clk 0:59:42]} 32. Qxe4
{[%clk 0:10:21]} Nxe4 {[%clk 1:00:06]} 33. Be1 {[%clk 0:10:38]} b6
{[%clk 0:59:09]} 34. Kf1 {[%clk 0:09:58]} Nc5 {[%clk 0:58:56]} 35. a5
{[%clk 0:08:35]} bxa5 {[%clk 0:59:23]} 36. c4 {[%clk 0:08:18]} a4
{[%clk 0:58:53]} 37. Bb4 {[%clk 0:05:24]} Nd3 {[%clk 0:59:18]} 38. Ba3
{[%clk 0:03:57]} f5 {[%clk 0:59:35]} 39. Ke2 {[%clk 0:02:45]} Ne5
{[%clk 1:00:01]} 40. c5 {[%clk 0:33:05]} Kf7 {[%clk 1:30:27]} 41. Bc1
{[%clk 0:27:37]} Ke6 {[%clk 1:29:26]} 42. Kd1 {[%clk 0:26:28]} Nd3
{[%clk 1:29:28]} 0-1

[Event "WCO 2016"]
[Site "?"]
[Date "2016.09.11"]
[Round "9"]
[Board "29"]
[WhiteID "1118358"]
[White "Wojtaszek Radoslaw"]
[BlackID "8600694"]
[Black "Zhang Zhong"]
[Result "1-0"]
[BlackElo "2637"]
[WhiteElo "2736"]
[LiveChessVersion "1.4.8"]

1. d4 {[%clk 1:30:57]} d5 {[%clk 1:30:43]} 2. c4 {[%clk 1:31:22]} dxc4
{[%clk 1:31:05]} 3. e4 {[%clk 1:31:30]} Nf6 {[%clk 1:31:23]} 4. e5
{[%clk 1:31:25]} Nd5 {[%clk 1:31:47]} 5. Bxc4 {[%clk 1:31:48]} Nb6
{[%clk 1:32:14]} 6. Bd3 {[%clk 1:31:13]} Nc6 {[%clk 1:32:32]} 7. Ne2
{[%clk 1:26:17]} Bg4 {[%clk 1:32:22]} 8. f3 {[%clk 1:23:47]} Be6 {[%clk 1:32:27]}
9. Nbc3 {[%clk 1:24:03]} Qd7 {[%clk 1:32:39]} 10. Ne4 {[%clk 1:23:32]} Bd5
{[%clk 1:32:54]} 11. Nc5 {[%clk 1:23:07]} Qc8 {[%clk 1:33:17]} 12. a3
{[%clk 1:21:53]} e6 {[%clk 1:33:33]} 13. Qc2 {[%clk 1:22:13]} Bxc5
{[%clk 1:33:22]} 14. Qxc5 {[%clk 1:17:08]} Qd7 {[%clk 1:32:19]} 15. O-O
{[%clk 1:12:45]} a6 {[%clk 1:31:55]} 16. Qc2 {[%clk 1:10:10]} Ne7
{[%clk 1:25:54]} 17. Be3 {[%clk 1:01:22]} Bc6 {[%clk 1:24:44]} 18. Bf2
{[%clk 1:01:11]} Ba4 {[%clk 1:21:12]} 19. b3 {[%clk 0:59:48]} Bb5
{[%clk 1:21:26]} 20. Be4 {[%clk 0:59:19]} Nbd5 {[%clk 1:21:26]} 21. Rfc1
{[%clk 0:58:56]} f5 {[%clk 1:15:56]} 22. exf6 {[%clk 0:56:09]} gxf6
{[%clk 1:16:17]} 23. Nc3 {[%clk 0:52:04]} Bc6 {[%clk 1:12:32]} 24. Nxd5
{[%clk 0:51:30]} Nxd5 {[%clk 1:12:22]} 25. Qc5 {[%clk 0:50:57]} Rg8
{[%clk 1:05:47]} 26. Bg3 {[%clk 0:50:18]} Rg5 {[%clk 1:01:22]} 27. Re1
{[%clk 0:47:19]} Kf7 {[%clk 1:00:22]} 28. Qc2 {[%clk 0:43:28]} f5
{[%clk 0:47:09]} 29. Bxd5 {[%clk 0:42:08]} Qxd5 {[%clk 0:47:01]} 30. Qc3
{[%clk 0:41:03]} Rag8 {[%clk 0:44:36]} 31. Ra2 {[%clk 0:39:16]} R5g6
{[%clk 0:37:46]} 32. Re5 {[%clk 0:28:12]} Qd8 {[%clk 0:33:27]} 33. Rc5
{[%clk 0:28:32]} Rxg3 {[%clk 0:12:57]} 34. hxg3 {[%clk 0:28:58]} Rxg3
{[%clk 0:13:18]} 35. Qe3 {[%clk 0:26:46]} Qd6 {[%clk 0:09:33]} 36. Qe5
{[%clk 0:22:14]} Rg8 {[%clk 0:06:44]} 37. b4 {[%clk 0:19:18]} Rd8
{[%clk 0:04:37]} 38. Rd2 {[%clk 0:19:23]} Qxe5 {[%clk 0:04:07]} 39. Rxe5
{[%clk 0:19:44]} Bd5 {[%clk 0:04:31]} 40. Kf2 {[%clk 0:49:56]} a5
{[%clk 0:30:35]} 41. bxa5 {[%clk 0:48:54]} Ke7 {[%clk 0:30:29]} 42. Rc2
{[%clk 0:46:42]} Kd6 {[%clk 0:30:55]} 43. Re1 {[%clk 0:47:01]} Ra8
{[%clk 0:31:15]} 44. Rc5 {[%clk 0:45:50]} h5 {[%clk 0:29:32]} 45. Rec1
{[%clk 0:45:14]} c6 {[%clk 0:26:12]} 46. Ke3 {[%clk 0:44:19]} Rg8
{[%clk 0:24:29]} 47. Kf2 {[%clk 0:33:07]} h4 {[%clk 0:22:57]} 48. R5c3
{[%clk 0:32:57]} Rh8 {[%clk 0:22:09]} 49. Rh1 {[%clk 0:33:02]} f4
{[%clk 0:18:29]} 50. Rc2 {[%clk 0:31:08]} e5 {[%clk 0:18:27]} 51. dxe5+
{[%clk 0:31:33]} Kxe5 {[%clk 0:18:55]} 52. Rb2 {[%clk 0:31:27]} Rh7
{[%clk 0:15:36]} 53. Rhb1 {[%clk 0:29:19]} c5 {[%clk 0:12:58]} 54. Re2+
{[%clk 0:28:29]} Kd6 {[%clk 0:11:17]} 55. Re8 {[%clk 0:28:40]} c4
{[%clk 0:10:12]} 56. Rd1 {[%clk 0:28:45]} Rh5 {[%clk 0:07:09]} 57. Rc8
{[%clk 0:24:19]} Ke6 {[%clk 0:06:05]} 58. Rd8 {[%clk 0:24:45]} Rf5
{[%clk 0:04:26]} 59. Re1+ {[%clk 0:24:22]} Kf7 {[%clk 0:04:52]} 60. Rd7+
{[%clk 0:22:38]} Kg6 {[%clk 0:05:10]} 61. Rb1 {[%clk 0:20:51]} 1-0

[Event "WCO 2016"]
[Site "?"]
[Date "2016.09.11"]
[Round "9"]
[Board "30"]
[WhiteID "5800706"]
[White "Goh Wei Ming Kevin"]
[BlackID "1170546"]
[Black "Duda Jan-Krzysztof"]
[Result "1-0"]
[BlackElo "2675"]
[WhiteElo "2444"]
[LiveChessVersion "1.4.8"]

1. e4 {[%clk 1:30:52]} c5 {[%clk 1:30:54]} 2. Nf3 {[%clk 1:31:16]} Nc6
{[%clk 1:31:18]} 3. d4 {[%clk 1:31:17]} cxd4 {[%clk 1:31:36]} 4. Nxd4
{[%clk 1:31:43]} e6 {[%clk 1:31:33]} 5. Nc3 {[%clk 1:32:08]} a6 {[%clk 1:31:42]}
6. Nxc6 {[%clk 1:31:31]} bxc6 {[%clk 1:32:05]} 7. Bd3 {[%clk 1:31:58]} Qc7
{[%clk 1:32:04]} 8. O-O {[%clk 1:31:01]} Nf6 {[%clk 1:32:27]} 9. Qe2
{[%clk 1:11:59]} Be7 {[%clk 1:27:41]} 10. e5 {[%clk 1:05:49]} Nd5
{[%clk 1:27:47]} 11. Nxd5 {[%clk 1:05:50]} cxd5 {[%clk 1:27:24]} 12. b3
{[%clk 1:05:59]} Bb7 {[%clk 1:21:01]} 13. Bb2 {[%clk 1:04:46]} O-O
{[%clk 1:18:31]} 14. f4 {[%clk 0:56:18]} f5 {[%clk 1:09:21]} 15. exf6
{[%clk 0:31:44]} Bxf6 {[%clk 1:09:09]} 16. Bxf6 {[%clk 0:29:30]} Rxf6
{[%clk 1:06:52]} 17. Rae1 {[%clk 0:27:23]} Raf8 {[%clk 1:05:29]} 18. g3
{[%clk 0:19:50]} a5 {[%clk 1:04:50]} 19. Qe3 {[%clk 0:19:42]} Bc6
{[%clk 0:58:38]} 20. Qd4 {[%clk 0:16:17]} Qb8 {[%clk 0:57:20]} 21. a4
{[%clk 0:14:02]} Qc7 {[%clk 0:52:36]} 22. Re5 {[%clk 0:09:44]} Rb8
{[%clk 0:49:46]} 23. f5 {[%clk 0:07:50]} Rb4 {[%clk 0:48:17]} 24. Qe3
{[%clk 0:07:34]} Re4 {[%clk 0:45:18]} 25. Rxe4 {[%clk 0:07:46]} dxe4
{[%clk 0:45:42]} 26. fxe6 {[%clk 0:03:43]} Rxe6 {[%clk 0:42:38]} 27. Qc5
{[%clk 0:03:46]} Qd8 {[%clk 0:41:44]} 28. Bc4 {[%clk 0:01:23]} d5
{[%clk 0:42:08]} 29. Rd1 {[%clk 0:01:09]} Rd6 {[%clk 0:41:23]} 30. Kg2
{[%clk 0:00:37]} e3 {[%clk 0:39:52]} 31. Qxc6 {[%clk 0:00:32]} Qf8
{[%clk 0:28:25]} 32. Rxd5 {[%clk 0:00:41]} Rxc6 {[%clk 0:28:46]} 33. Rd8+
{[%clk 0:01:03]} Rxc4 {[%clk 0:29:11]} 34. Rxf8+ {[%clk 0:01:30]} Kxf8
{[%clk 0:29:35]} 35. bxc4 {[%clk 0:01:52]} Ke7 {[%clk 0:30:02]} 36. Kf3
{[%clk 0:01:38]} Kd6 {[%clk 0:30:27]} 37. Kxe3 {[%clk 0:02:04]} Kc5
{[%clk 0:30:54]} 38. Kd3 {[%clk 0:01:36]} Kb4 {[%clk 0:31:21]} 39. g4
{[%clk 0:00:34]} Kxa4 {[%clk 0:31:25]} 40. c3 {[%clk 0:30:38]} h6
{[%clk 1:00:53]} 41. Kc2 {[%clk 0:30:38]} g6 {[%clk 0:59:41]} 42. h4
{[%clk 0:30:50]} g5 {[%clk 1:00:06]} 43. h5 {[%clk 0:31:15]} 1-0